MARC

LEADER 00000nam0a2200000 4500
001 130162
005 20231031133823.0
035 |a (RuTPU)RU\TPU\book\140964 
090 |a 130162 
100 |a 20080131d1969 k y0rusy50 ca 
101 0 |a rus 
102 |a UA 
105 |a a z 001zy 
200 1 |a Методы исследования несимметричных асинхронных машин  |f А. И. Адаменко  |g Академия наук Украинской ССР (АН УССР), Институт электродинамики 
210 |a Киев  |c Наукова думка  |d 1969 
215 |a 356 с.  |c ил. 
320 |a Библиогр.: с. 345-354. 
610 1 |a асинхронные электрические машины 
610 1 |a методы исследования 
610 1 |a обмотки 
610 1 |a токи 
610 1 |a напряжения 
610 1 |a энергия 
610 1 |a мощность 
610 1 |a исследование 
610 1 |a конденсаторные двигатели 
675 |a 621.313.333  |v 3 
700 1 |a Адаменко  |b А. И.  |g Алексей Иванович 
712 0 2 |a Академия наук Украинской ССР (АН УССР)  |b Институт электродинамики  |2 stltpush  |3 (RuTPU)RU\TPU\col\12436 
801 1 |a RU  |b 63413507  |c 20080131  |g PSBO 
801 2 |a RU  |b 63413507  |c 20080919  |g PSBO 
942 |c BK